| 000 | 00455nam a22001577a 4500 | ||
|---|---|---|---|
| 020 | _a9780071081719 | ||
| 082 | _a005.1 | ||
| 100 | _aSchach, Stephen R. | ||
| 245 | _aObject-oriented and classical software engineering | ||
| 250 | _a8th ed. | ||
| 260 |
_aNew York _bMcGraw-Hill _c2011 |
||
| 300 |
_axix, 667 p. _bill. ; |
||
| 500 | _aIncludes index. | ||
| 650 | _a1. Software engineering. 2. Object-oriented programming (Computer science) | ||
| 942 | _cBK | ||
| 999 |
_c12114 _d12114 |
||